Использование принципов начертательной геометрии в инженерной графике. Ч. 2: Пересечение поверхностей (Запись № 12308408)

Подробности
000 -МАРКЕР
контрольное поле 01930nam2a2200277 4500
001 - ИДЕНТИФИКАТОР ЗАПИСИ
контрольное поле RU\NLR\BIBL_A\021958064
005 - ИДЕНТИФИКАТОР ВЕРСИИ
контрольное поле 20230626163247.0
021 ## - НОМЕР ГОСУДАРСТВЕННОЙ РЕГИСТРАЦИИ
Код страны Российская Федерация
Номер КН-П-23-029991
Номер Листа государственной регистраци КН-П-23-2965
035 ## - ДРУГИЕ СИСТЕМНЫЕ НОМЕРА
Идентификатор записи (NLR Aleph) 021958064
035 ## - ДРУГИЕ СИСТЕМНЫЕ НОМЕРА
Идентификатор записи (RuMoRGB)011775100
100 ## - ДАННЫЕ ОБЩЕЙ ОБРАБОТКИ
Данные общей обработки 20230606d2020 u y0rusy50 ca
101 0# - ЯЗЫК РЕСУРСА
Язык текста, звукозаписи и т.д. русский
102 ## - СТРАНА ПУБЛИКАЦИИ ИЛИ ПРОИЗВОДСТВА
Страна публикации Российская Федерация
105 ## - ПОЛЕ КОДИРОВАННЫХ ДАННЫХ: ТЕКСТОВЫЕ МАТЕРИАЛЫ, МОНОГРАФИЧЕСКИЕ
Кодированные данные о монографическом текстовом документе a z 000zy
200 1# - ЗАГЛАВИЕ И СВЕДЕНИЯ ОБ ОТВЕТСТВЕННОСТИ
Основное заглавие Пересечение поверхностей
Сведения, относящиеся к заглавию учебное пособие для студентов, обучающихся по всем направлениям подготовки инженерных специальностей
210 ## - ПУБЛИКАЦИЯ, РАСПРОСТРАНЕНИЕ И ДР.
Дата издания, распространения и т.д. 2022
215 ## - ФИЗИЧЕСКАЯ ХАРАКТЕРИСТИКА
Специфическое обозначение материала и объем 64с.
Другие сведения о физической характеристике ил.
320 ## - ПРИМЕЧАНИЯ О НАЛИЧИИ В ДОКУМЕНТЕ БИБЛИОГРАФИИ / УКАЗАТЕЛЯ
Текст примечания Библиогр.: с. 64 (11 назв.)
461 #0 - УРОВЕНЬ НАБОРА
Встроенное поле 001RU\NLR\BIBL_A\012579896
-- 2001#$aИспользование принципов начертательной геометрии в инженерной графике$vЧ. 2
-- 700#1$aЗапорожцева$bН. И.$gНина Ивановна
Системный номер (АБИС) связанной записи 12518400
Автор Запорожцева, Н. И.
Место публикации Нижний Новгород
Дата публикации 2020
Первые сведения об ответственности Н. И. Запорожцева, С. П. Новиков, И. Н. Шоркина
Имя издателя, распространителя и т.д. Изд-во ФГБОУ ВО "ВГУВТ"
Сведения, относящиеся к заглавию учебное пособие : для студентов очного, заочного и дистанционного обучения технических специальностей и направлений подготовки 23.03.01, 27.03.02
Заглавие Использование принципов начертательной геометрии в инженерной графике
Номер тома Ч. 2
606 1# - НАИМЕНОВАНИЕ ТЕМЫ КАК ПРЕДМЕТ
Наименование темы Поверхности
Формальный подзаголовок Учебные издания для высших учебных заведений
Тематический подзаголовок Пересечение
Системный номер авторитетной/нормативной записи 1901160
Идентификатор авторитетной/нормативной записи RU\NLR\AUTH\66865524
686 1# - ИНДЕКСЫ ДРУГИХ КЛАССИФИКАЦИЙ
Индекс В181.191я73-1
942 ## - ДОПОЛНИТЕЛЬНЫЕ ЭЛЕМЕНТЫ ЗАПИСИ (АБИС)
Тип экземпляра АБИС Книга
980 ## - КОЛЛЕКЦИЯ
Название коллекции Национальная библиография
Экземпляры
Тип экземпляра Дата поступления Источник поступления Стоимость Библиотека постоянного хранения Библиотека текущего хранения Место хранения Шифр хранения Штрих-код Статус экземпляра
Книга 06.06.2023 Обязательный экземпляр 0.00 РНБ (Московский) РНБ (Московский) Русский книжный фонд: издания с 1957 года 2021-7/5057 1-4260637  
Книга 06.06.2023 Обязательный экземпляр 0.00 РНБ (Московский) РНБ (Московский) Русский книжный фонд: издания с 1957 года 2021-7/5057 1-4260638